[Event "Le Bolduc"]
[Site "Montreal CAN"]
[Date "2003.03.18"]
[Round "6"]
[White "Bergeron, Pascal"]
[Black "Dupuis, Stephane"]
[Result "1-0"]
[WhiteElo "2171"]
[BlackElo "2224"]
[PlyCount "89"]
[EventDate "2003.02.11"]
[EventType "tourn"]
[EventRounds "9"]
[EventCountry "CAN"]

1. e4 e6 2. d3 d5 3. Nd2 c5 4. Ngf3 Nc6 5. g3 Nf6 6. Bg2 Be7 7. O-O O-O 8. Re1
b5 9. e5 Nd7 10. Nf1 b4 11. h4 a5 12. Bf4 Ba6 13. Ne3 Rc8 14. Bf1 a4 15. a3 Bb5
16. Ng4 Nd4 17. h5 Nxf3+ 18. Qxf3 bxa3 19. bxa3 Bc6 20. h6 g6 21. Qe2 Rb8 22.
c4 Rb3 23. Bg2 Qa8 24. Bc1 dxc4 25. Bxc6 Qxc6 26. dxc4 Qf3 27. Qxf3 Rxf3 28.
Rd1 Nb6 29. Ne3 Bg5 30. Kg2 Rxe3 31. Bxe3 Bxe3 32. fxe3 Nxc4 33. Rdc1 Na5 34.
Ra2 Nb3 35. Rc4 Ra8 36. Rf2 Kf8 37. Rff4 Nd2 38. Rxc5 Nb1 39. Rc7 f5 40. exf6
Nxa3 41. Rxh7 Kg8 42. Rg7+ Kh8 43. f7 Rf8 44. Rxa4 Nb5 45. Ra6 1-0

[Event "Le Bolduc"]
[Site "Montreal CAN"]
[Date "2003.03.18"]
[Round "6"]
[White "Bolduc, Steve"]
[Black "Cazelais, Marc"]
[Result "1/2-1/2"]
[WhiteElo "2303"]
[BlackElo "2097"]
[PlyCount "92"]
[EventDate "2003.02.11"]
[EventType "tourn"]
[EventRounds "9"]
[EventCountry "CAN"]

1. d4 Nf6 2. c4 e6 3. Nc3 d5 4. cxd5 exd5 5. Bg5 c6 6. Qc2 Be7 7. e3 O-O 8. Bd3
Nbd7 9. Nge2 Re8 10. O-O Nf8 11. Rae1 Be6 12. f3 Rc8 13. e4 dxe4 14. fxe4 Ng4
15. Bxe7 Qxe7 16. Qd2 Rcd8 17. h3 Nf6 18. a3 Ng6 19. e5 Nd5 20. Ne4 Rf8 21.
N2c3 Qh4 22. Qg5 Qxg5 23. Nxg5 Ndf4 24. Bxg6 Nxg6 25. Nxe6 fxe6 26. Rxf8+ Kxf8
27. Re4 Ke7 28. Rg4 Kf8 29. h4 Ne7 30. Rf4+ Kg8 31. Kf2 Nf5 32. Ne2 h5 33. Kf3
a5 34. Ke4 g6 35. g3 Rd5 36. Rf3 a4 37. b4 axb3 38. Rxb3 Rd7 39. Rb4 b5 40. Rb3
Ra7 41. Rc3 Ra6 42. Kd3 Kf7 43. Ke4 Kg7 44. Kf4 Kh6 45. Ke4 Kg7 46. Kf4 Kh6
1/2-1/2

[Event "Le Bolduc"]
[Site "Montreal CAN"]
[Date "2003.03.18"]
[Round "6"]
[White "Sullivan, Neil"]
[Black "Laframboise, Marc-Andre"]
[Result "1/2-1/2"]
[WhiteElo "2062"]
[BlackElo "2175"]
[PlyCount "69"]
[EventDate "2003.02.11"]
[EventType "tourn"]
[EventRounds "9"]
[EventCountry "CAN"]

1. e4 c5 2. Nc3 Nc6 3. f4 e6 4. Nf3 Nge7 5. g3 d6 6. Bg2 g6 7. d4 cxd4 8. Nxd4
a6 9. Be3 Bg7 10. O-O O-O 11. Qd2 Qc7 12. Rad1 Rd8 13. Nce2 e5 14. Nxc6 bxc6
15. fxe5 Bxe5 16. Bd4 Bg4 17. Rde1 c5 18. Bc3 Bxe2 19. Rxe2 Nc6 20. Ref2 Rd7
21. Bxe5 dxe5 22. Qc3 Nd4 23. Qc4 Ne6 24. Bh3 Rd4 25. Bxe6 Rxc4 26. Bxc4 Rf8
27. c3 Kh8 28. Rxf7 Rxf7 29. Rxf7 Qb6 30. Rf2 a5 31. Kf1 Qd8 32. Bd5 Qg5 33.
Ke2 Qc1 34. Kd3 Qe1 35. Re2 1/2-1/2

[Event "Le Bolduc"]
[Site "Montreal CAN"]
[Date "2003.03.25"]
[Round "7"]
[White "Cazelais, Marc"]
[Black "Bergeron, Pascal"]
[Result "1-0"]
[WhiteElo "2097"]
[BlackElo "2171"]
[PlyCount "91"]
[EventDate "2003.02.11"]
[EventType "tourn"]
[EventRounds "9"]
[EventCountry "CAN"]

1. e4 e5 2. Nf3 Nf6 3. Nxe5 d6 4. Nf3 Nxe4 5. Qe2 Qe7 6. d3 Nf6 7. Bg5 Qxe2+ 8.
Bxe2 Be7 9. Nc3 c6 10. O-O-O Na6 11. d4 Nc7 12. h3 Nfd5 13. Nxd5 Nxd5 14. Bxe7
Nxe7 15. Rhe1 Be6 16. Ng5 Bd5 17. Bf3 Bxf3 18. Nxf3 Kd7 19. Re2 b5 20. Rde1 Nd5
21. g3 h6 22. Kd2 Rae8 23. Rxe8 Rxe8 24. Rxe8 Kxe8 25. c3 Ke7 26. Kd3 f5 27. a3
g5 28. b3 Nf6 29. c4 Ne4 30. Ke3 Ke6 31. d5+ cxd5 32. cxb5 f4+ 33. gxf4 gxf4+
34. Kxf4 Nxf2 35. h4 Nd3+ 36. Ke3 Ne5 37. Nd4+ Kd7 38. Kf4 Kc7 39. Kf5 Kb6 40.
b4 a6 41. bxa6 Kxa6 42. h5 Kb6 43. a4 Nd3 44. a5+ Ka6 45. Kg6 Nxb4 46. Kxh6 1-0

[Event "Le Bolduc"]
[Site "Montreal CAN"]
[Date "2003.03.25"]
[Round "7"]
[White "Chabot, Roland"]
[Black "Bannon, Eric"]
[Result "0-1"]
[WhiteElo "2294"]
[BlackElo "2176"]
[PlyCount "98"]
[EventDate "2003.02.11"]
[EventType "tourn"]
[EventRounds "9"]
[EventCountry "CAN"]

1. d4 Nf6 2. c4 g6 3. Nc3 Bg7 4. e4 d6 5. Nf3 O-O 6. Be2 e5 7. O-O Nc6 8. d5
Ne7 9. Ne1 Ne8 10. Be3 f5 11. f3 f4 12. Bf2 h5 13. c5 g5 14. a4 Rf6 15. Nb5 a6
16. cxd6 Nxd6 17. Nxd6 cxd6 18. a5 Rg6 19. Qb3 g4 20. Qb6 Qf8 21. Kh1 g3 22.
Bg1 Qf6 23. Qd8+ Bf8 24. Qb6 Qg5 25. Rc1 Bh3 26. Bd3 gxh2 27. Rf2 hxg1=Q+ 28.
Kxg1 Rc8 29. Rc7 Rxc7 30. Qxc7 Bc8 31. Bc2 h4 32. Kf1 h3 33. gxh3 Rg7 34. Qb6
Bxh3+ 35. Ke2 Nc8 36. Qb4 Qd8 37. Qd2 Na7 38. Ba4 Bd7 39. Bxd7 Qxd7 40. Rh2 Nb5
41. Nc2 Qc7 42. Kd3 Qc5 43. Rg2 Nd4 44. Rxg7+ Bxg7 45. b4 Qxc2+ 46. Qxc2 Nxc2
47. Kxc2 Kh7 48. b5 Kg6 49. b6 Kh5 0-1

[Event "Le Bolduc"]
[Site "Montreal CAN"]
[Date "2003.03.25"]
[Round "7"]
[White "Charbonneau, Anne-Marie"]
[Black "Sullivan, Neil"]
[Result "1/2-1/2"]
[WhiteElo "1970"]
[BlackElo "2062"]
[PlyCount "122"]
[EventDate "2003.02.11"]
[EventType "tourn"]
[EventRounds "9"]
[EventCountry "CAN"]

1. d4 d5 2. c4 e6 3. Nc3 c5 4. cxd5 cxd4 5. Qa4+ Bd7 6. Qxd4 exd5 7. Qxd5 Nf6
8. Qd1 Bc5 9. Nf3 Nc6 10. e3 Qe7 11. Be2 O-O-O 12. Bd2 g5 13. h3 Rhg8 14. Nh2
Ne5 15. Qc2 Kb8 16. O-O-O Rc8 17. Kb1 h5 18. Nf1 Bc6 19. f3 Bd7 20. e4 Nc6 21.
Be3 Nb4 22. Bxc5 Rxc5 23. Qd2 Be6 24. Qd6+ Qxd6 25. Rxd6 Rgc8 26. Ne3 Rxc3 27.
bxc3 Nxa2 28. Bc4 Nxc3+ 29. Kc2 Nb5 30. Rxe6 fxe6 31. Kb2 Nd4 32. Rd1 e5 33.
Bb3 Kc7 34. Nc4 Nc6 35. Ba4 b5 36. Nd6 Rf8 37. Nxb5+ Kb6 38. Ka3 g4 39. Rb1 Kc5
40. Rc1+ Kb6 41. Nd6 Na5 42. hxg4 hxg4 43. Nc8+ Kb7 44. Nd6+ Kb6 45. Kb4 gxf3
46. gxf3 Rd8 47. Nc8+ Kb7 48. Kxa5 Rxc8 49. Rxc8 Kxc8 50. Kb4 Kd8 51. Kc5 Ke7
52. Kb5 Nd7 53. Kc6 Nf8 54. Kb7 Kf6 55. Kxa7 Ne6 56. Kb6 Kg5 57. Bd1 Kf4 58.
Kc6 Nd4+ 59. Kd5 Nb5 60. Kc4 Na3+ 61. Kb3 Nb1 1/2-1/2

[Event "Le Bolduc"]
[Site "Montreal CAN"]
[Date "2003.03.25"]
[Round "7"]
[White "Laframboise, Marc-Andre"]
[Black "Bolduc, Steve"]
[Result "1/2-1/2"]
[WhiteElo "2175"]
[BlackElo "2303"]
[PlyCount "73"]
[EventDate "2003.02.11"]
[EventType "tourn"]
[EventRounds "9"]
[EventCountry "CAN"]

1. d4 Nf6 2. c4 c5 3. d5 b5 4. cxb5 a6 5. b6 e6 6. Nc3 exd5 7. Nxd5 Nxd5 8.
Qxd5 Nc6 9. Nf3 Be7 10. Ne5 O-O 11. Nxc6 dxc6 12. Qxd8 Bxd8 13. b7 Bxb7 14. Bd2
Bf6 15. Rc1 Bc8 16. b3 a5 17. Rxc5 a4 18. b4 Be6 19. a3 Bb2 20. Bc1 Bd4 21. Rg5
Bc3+ 22. Bd2 Bb2 23. Rg3 Bb3 24. Bc3 Bxc3+ 25. Rxc3 Rfd8 26. Rd3 c5 27. bxc5
Bc2 28. Rd6 Rxd6 29. cxd6 Rd8 30. Kd2 Bb3 31. g3 Rxd6+ 32. Kc3 Rc6+ 33. Kb4
Rc4+ 34. Ka5 Rc2 35. f3 f5 36. e4 Rf2 37. exf5 1/2-1/2

[Event "Le Bolduc"]
[Site "Montreal CAN"]
[Date "2003.04.01"]
[Round "8"]
[White "Bannon, Eric"]
[Black "Dupuis, Stephane"]
[Result "0-1"]
[WhiteElo "2176"]
[BlackElo "2224"]
[PlyCount "74"]
[EventDate "2003.02.11"]
[EventType "tourn"]
[EventRounds "9"]
[EventCountry "CAN"]

1. e4 e5 2. Nf3 Nc6 3. Nc3 Nf6 4. g3 Bb4 5. Bg2 O-O 6. O-O Re8 7. d3 Bxc3 8.
bxc3 h6 9. c4 d6 10. Rb1 Rb8 11. Nh4 Bg4 12. f3 Bd7 13. Qe1 g5 14. Nf5 Bxf5 15.
exf5 Nd4 16. Qf2 c5 17. h4 Nh5 18. hxg5 Nxg3 19. Re1 Ngxf5 20. c3 Ne6 21. Bh3
Ne7 22. Bxe6 fxe6 23. Qh4 Nf5 24. Qh5 Qe7 25. gxh6 Kh7 26. Kf2 Rg8 27. f4 Rbf8
28. Be3 Nxe3 29. Kxe3 exf4+ 30. Kf2 b6 31. Rg1 Rf5 32. Qh1 Rfg5 33. Qe4+ R8g6
34. Rbe1 Rxg1 35. Rxg1 Qh4+ 36. Kf1 Qh3+ 37. Ke2 Qh2+ 0-1

[Event "Le Bolduc"]
[Site "Montreal CAN"]
[Date "2003.04.01"]
[Round "8"]
[White "Cazelais, Marc"]
[Black "Laframboise, Marc-Andre"]
[Result "1-0"]
[WhiteElo "2097"]
[BlackElo "2195"]
[PlyCount "121"]
[EventDate "2003.02.11"]
[EventType "tourn"]
[EventRounds "9"]
[EventCountry "CAN"]

1. e4 g6 2. d4 Bg7 3. Nc3 c6 4. Nf3 d6 5. a4 Bg4 6. Be2 e6 7. O-O Ne7 8. a5 O-O
9. h3 Bxf3 10. Bxf3 d5 11. Bg5 h6 12. Be3 Nd7 13. Qd2 Kh7 14. Rfd1 f5 15. exd5
exd5 16. Bf4 Nf6 17. Be5 Ne4 18. Bxe4 fxe4 19. Bxg7 Kxg7 20. Rf1 Nf5 21. Ne2
Nh4 22. Ra3 Qd7 23. Rg3 Nf5 24. Rg4 h5 25. Rg5 Qe7 26. Nf4 Nh4 27. Nxh5+ Kh7
28. Ng3 Qe6 29. Re5 Qxh3 30. Re7+ Kg8 31. gxh3 Nf3+ 32. Kg2 Nxd2 33. Rd1 Nc4
34. Rxb7 Nxa5 35. Rc7 Rf7 36. Rxf7 Kxf7 37. Ra1 Nc4 38. b3 Nb6 39. Ra6 Ke7 40.
f3 exf3+ 41. Kxf3 Kd6 42. Kg4 c5 43. dxc5+ Kxc5 44. Ne2 Kb5 45. Ra1 Nd7 46. Kg5
Ne5 47. Nc3+ Kc5 48. Kf6 Nc6 49. Kxg6 Kd4 50. Nb5+ Kc5 51. Nc7 Rg8+ 52. Kf6 Rg2
53. Rd1 Rf2+ 54. Kg5 Rxc2 55. Rxd5+ Kb6 56. Ne6 Rc3 57. h4 Rxb3 58. Rd6 Rc3 59.
Nd4 Rc5+ 60. Kg6 a5 61. Rxc6+ 1-0

[Event "Le Bolduc"]
[Site "Montreal CAN"]
[Date "2003.04.01"]
[Round "8"]
[White "Sullivan, Neil"]
[Black "Chabot, Roland"]
[Result "1/2-1/2"]
[WhiteElo "2062"]
[BlackElo "2294"]
[PlyCount "74"]
[EventDate "2003.02.11"]
[EventType "tourn"]
[EventRounds "9"]
[EventCountry "CAN"]

1. e4 c5 2. Nf3 e6 3. d3 d5 4. Nbd2 Nc6 5. g3 Nf6 6. Bg2 Be7 7. O-O O-O 8. e5
Nd7 9. Re1 b5 10. Nf1 a5 11. h4 b4 12. Bf4 Ba6 13. Bh3 Qe8 14. N1h2 a4 15. a3
bxa3 16. bxa3 Rb8 17. Ng5 Bd8 18. Qh5 Bxg5 19. Qxg5 Kh8 20. Qg4 Nd4 21. Qd1 Rb6
22. Nf3 Nxf3+ 23. Qxf3 Nb8 24. h5 Qe7 25. Qg4 h6 26. Rab1 Qb7 27. Qd1 Nd7 28.
Rxb6 Qxb6 29. c4 Bb7 30. Qxa4 Bc6 31. Qc2 Rb8 32. Bg2 d4 33. Bxc6 Qxc6 34. Rb1
Ra8 35. Qb3 Rb8 36. Qc2 Ra8 37. Qb3 Rb8 1/2-1/2

[Event "Le Bolduc"]
[Site "Montreal CAN"]
[Date "2003.04.08"]
[Round "9"]
[White "Chabot, Roland"]
[Black "Bolduc, Steve"]
[Result "1-0"]
[WhiteElo "2294"]
[BlackElo "2303"]
[PlyCount "77"]
[EventDate "2003.02.11"]
[EventType "tourn"]
[EventRounds "9"]
[EventCountry "CAN"]

1. d4 Nf6 2. c4 e6 3. Nc3 d5 4. cxd5 exd5 5. Bg5 Be7 6. e3 c6 7. Bd3 a5 8. Nge2
Na6 9. a3 Nh5 10. Bxe7 Qxe7 11. Qc2 g6 12. Bxa6 Rxa6 13. Nxd5 Qd6 14. Ndc3 O-O
15. O-O Qe7 16. e4 b5 17. Rfe1 Be6 18. Rad1 b4 19. Na4 Rb8 20. Nc5 Rab6 21. a4
b3 22. Qd2 Ra8 23. Nc3 Rb4 24. Nxe6 Qxe6 25. d5 cxd5 26. exd5 Qd7 27. d6 Rd8
28. Re7 Qf5 29. d7 Rbb8 30. Ne4 Nf4 31. g3 Ne6 32. Nd6 Ng5 33. Nxf5 Nf3+ 34.
Kg2 Nxd2 35. Nh6+ Kg7 36. Nxf7 Kf6 37. Nxd8 Rxd8 38. Re2 Nc4 39. Re8 1-0

[Event "Le Bolduc"]
[Site "Montreal CAN"]
[Date "2003.04.08"]
[Round "9"]
[White "Charbonneau, Anne-Marie"]
[Black "Cazelais, Marc"]
[Result "1/2-1/2"]
[WhiteElo "1970"]
[BlackElo "2097"]
[PlyCount "34"]
[EventDate "2003.02.11"]
[EventType "tourn"]
[EventRounds "9"]
[EventCountry "CAN"]

1. d4 Nf6 2. c4 e6 3. Nf3 d5 4. Bg5 Be7 5. Nc3 O-O 6. cxd5 exd5 7. e3 c6 8. Bd3
Nbd7 9. Qc2 Re8 10. O-O Nf8 11. h3 Be6 12. Rab1 Rc8 13. b4 a6 14. a4 Nh5 15.
Bxe7 Qxe7 16. Qb2 Ng6 17. Rfc1 Qf6 1/2-1/2

[Event "Le Bolduc"]
[Site "Montreal CAN"]
[Date "2003.04.08"]
[Round "9"]
[White "Dupuis, Stephane"]
[Black "Sullivan, Neil"]
[Result "1-0"]
[WhiteElo "2224"]
[BlackElo "2062"]
[PlyCount "85"]
[EventDate "2003.02.11"]
[EventType "tourn"]
[EventRounds "9"]
[EventCountry "CAN"]

1. d4 d5 2. e3 Bf5 3. c4 Nf6 4. Qb3 b6 5. cxd5 Nxd5 6. Nf3 e6 7. Nc3 Nxc3 8.
Qxc3 a6 9. Ne5 Be4 10. f3 Bb7 11. Bd3 Bd6 12. O-O Nd7 13. f4 O-O 14. Bd2 c5 15.
Rad1 Rc8 16. Bb1 Nf6 17. Qd3 Be4 18. Qxa6 Bxb1 19. Rxb1 cxd4 20. Rbd1 Bc5 21.
Kh1 Ne4 22. Bc3 Qh4 23. Be1 Qh5 24. g4 Qh6 25. exd4 f6 26. Nd7 Bd6 27. Nxf8
Rxf8 28. Qc4 f5 29. g5 Nxg5 30. d5 Ne4 31. dxe6 Kh8 32. Kg2 Bxf4 33. Bg3 Bxg3
34. hxg3 Ng5 35. Rh1 Qf6 36. Rhe1 Qxb2+ 37. Re2 Qa3 38. e7 Qf3+ 39. Kh2 Qh5+
40. Kg1 Re8 41. Rd8 f4 42. Rxe8+ Qxe8 43. Qc8 1-0

[Event "Le Bolduc"]
[Site "Montreal CAN"]
[Date "2003.04.08"]
[Round "9"]
[White "Laframboise, Marc-Andre"]
[Black "Bergeron, Pascal"]
[Result "0-1"]
[WhiteElo "2175"]
[BlackElo "2171"]
[PlyCount "50"]
[EventDate "2003.02.11"]
[EventType "tourn"]
[EventRounds "9"]
[EventCountry "CAN"]

1. d4 d5 2. c4 Nc6 3. Nf3 Bg4 4. e3 e6 5. Nc3 Nf6 6. Be2 Bb4 7. O-O O-O 8. Qc2
dxc4 9. Bxc4 Bxf3 10. gxf3 Nd5 11. a3 Bxc3 12. bxc3 Qh4 13. e4 Nf4 14. Bxf4
Qxf4 15. Qd3 Ne7 16. Qe3 Ng6 17. Kh1 Rae8 18. Rg1 e5 19. Rg4 Qf6 20. Rag1 Kh8
21. R1g3 Rd8 22. d5 b6 23. h4 Nxh4 24. Rxg7 Ng6 25. R7xg6 fxg6 0-1

[Event "Le Bolduc II - A"]
[Site "Montreal CAN"]
[Date "2003.09.22"]
[Round "1"]
[White "Bolduc, Steve"]
[Black "Chabot, Roland"]
[Result "1/2-1/2"]
[WhiteElo "2322"]
[BlackElo "2257"]
[PlyCount "46"]
[EventDate "2003.09.22"]
[EventType "tourn"]
[EventRounds "10"]
[EventCountry "CAN"]

1. d4 f5 2. g3 Nf6 3. Bg2 g6 4. Nh3 Bg7 5. O-O O-O 6. c4 d6 7. d5 Nbd7 8. Nd2
Nc5 9. Nb3 Nxb3 10. axb3 Bd7 11. Be3 c5 12. dxc6 bxc6 13. c5 d5 14. Bd4 Nh5 15.
f4 Qb8 16. Nf2 e5 17. fxe5 Bxe5 18. Bxe5 Qxe5 19. Nd3 Qe3+ 20. Kh1 Qh6 21. Kg1
Qe3+ 22. Kh1 Qh6 23. Kg1 Qe3+ 1/2-1/2

[Event "Le Bolduc II - A"]
[Site "Montreal CAN"]
[Date "2003.09.22"]
[Round "1"]
[White "Grondin, Jean-Philippe"]
[Black "Gilman, Arkadiy"]
[Result "0-1"]
[WhiteElo "2249"]
[BlackElo "2150"]
[PlyCount "48"]
[EventDate "2003.09.22"]
[EventType "tourn"]
[EventRounds "10"]
[EventCountry "CAN"]

1. d4 d5 2. c4 c6 3. Nf3 Nf6 4. Nc3 a6 5. e3 b5 6. b3 Bg4 7. Be2 Bxf3 8. gxf3
e6 9. Rg1 Bb4 10. Bb2 O-O 11. Qc2 bxc4 12. bxc4 Nbd7 13. Kf1 Nh5 14. f4 Qh4 15.
Rg5 Ndf6 16. Bf3 Bd6 17. Ne2 Qh3+ 18. Bg2 Qxh2 19. Bc1 h6 20. Ng1 hxg5 21. Nf3
Ng3+ 22. fxg3 Qxg3 23. Nxg5 g6 24. Bd2 Ng4 0-1

[Event "Le Bolduc II - A"]
[Site "Montreal CAN"]
[Date "2003.09.24"]
[Round "2"]
[White "Bolduc, Steve"]
[Black "Grondin, Jean-Philippe"]
[Result "1-0"]
[WhiteElo "2322"]
[BlackElo "2249"]
[PlyCount "87"]
[EventDate "2003.09.22"]
[EventType "tourn"]
[EventRounds "10"]
[EventCountry "CAN"]

1. d4 d5 2. c4 Nc6 3. cxd5 Qxd5 4. Nf3 e5 5. Nc3 Bb4 6. e3 Nf6 7. a3 Bxc3+ 8.
bxc3 O-O 9. c4 Qd6 10. d5 Ne7 11. a4 Nd7 12. Ba3 Nc5 13. Nd2 f5 14. Nb3 b6 15.
Nxc5 bxc5 16. Be2 Bd7 17. a5 Rab8 18. O-O Be8 19. Rb1 Bf7 20. Qc2 c6 21. dxc6
Nxc6 22. Rfd1 Qe7 23. Rb5 Nb4 24. Qc3 a6 25. Rxb8 Rxb8 26. Bb2 Nc6 27. Bf3 Nxa5
28. Qxa5 Rxb2 29. Rd8+ Be8 30. Bd5+ Kf8 31. h3 Rb1+ 32. Kh2 Rd1 33. Rxe8+ Qxe8
34. Qxc5+ Qe7 35. Qc8+ Qe8 36. Qxf5+ Ke7 37. Qxe5+ Kf8 38. Qf5+ Ke7 39. Qe6+
Kd8 40. Qb6+ Ke7 41. Qxa6 Qb8+ 42. g3 Qb2 43. Qe6+ Kd8 44. Qd6+ 1-0

[Event "Le Bolduc II - A"]
[Site "Montreal CAN"]
[Date "2003.09.24"]
[Round "2"]
[White "Chabot, Roland"]
[Black "Berube, Richard"]
[Result "1/2-1/2"]
[WhiteElo "2257"]
[BlackElo "2370"]
[PlyCount "72"]
[EventDate "2003.09.22"]
[EventType "tourn"]
[EventRounds "10"]
[EventCountry "CAN"]

1. d4 Nf6 2. c4 e6 3. Nc3 Bb4 4. e3 b6 5. Bd3 Bb7 6. Nf3 Ne4 7. O-O f5 8. d5
Bxc3 9. bxc3 Nc5 10. Nd4 O-O 11. Ba3 Nba6 12. Bc2 Rf7 13. f3 Qg5 14. f4 Qf6 15.
Qf3 g6 16. e4 fxe4 17. Bxe4 Nxe4 18. Qxe4 Nc5 19. Qb1 Ba6 20. Bxc5 bxc5 21.
dxe6 dxe6 22. Qe4 Rb8 23. Nc6 Rb2 24. Rab1 Rxb1 25. Rxb1 Qxf4 26. Qxe6 Bxc4 27.
Qe1 Qf6 28. Ne5 Re7 29. Qe4 Bxa2 30. Qa8+ Kg7 31. Rf1 Qxf1+ 32. Kxf1 Rxe5 33.
Qxa7 Bc4+ 34. Kf2 Rf5+ 35. Kg3 Bf7 36. Qxc7 c4 1/2-1/2

[Event "Le Bolduc II - A"]
[Site "Montreal CAN"]
[Date "2003.09.29"]
[Round "3"]
[White "Berube, Richard"]
[Black "Gilman, Arkadiy"]
[Result "1/2-1/2"]
[WhiteElo "2370"]
[BlackElo "2150"]
[PlyCount "57"]
[EventDate "2003.09.22"]
[EventType "tourn"]
[EventRounds "10"]
[EventCountry "CAN"]

1. c4 Nf6 2. g3 c6 3. Bg2 d5 4. Nf3 Bf5 5. cxd5 cxd5 6. Qb3 Qb6 7. Qxb6 axb6 8.
Nc3 Nc6 9. d3 e5 10. O-O Be7 11. Nd2 Be6 12. Nb5 Rc8 13. a3 O-O 14. h3 Nd7 15.
f4 f6 16. fxe5 fxe5 17. Rxf8+ Bxf8 18. b4 Nf6 19. Bb2 d4 20. Rc1 Bd5 21. Nc4
Bxg2 22. Kxg2 Nd7 23. Ncd6 Rb8 24. Nxb7 Nxb4 25. Rc7 Nc5 26. Nxc5 bxc5 27. a4
Nd5 28. Ra7 Nb6 29. Ba3 1/2-1/2

[Event "Le Bolduc II - A"]
[Site "Montreal CAN"]
[Date "2003.09.29"]
[Round "3"]
[White "Grondin, Jean-Philippe"]
[Black "Chabot, Roland"]
[Result "0-1"]
[WhiteElo "2249"]
[BlackElo "2257"]
[PlyCount "51"]
[EventDate "2003.09.22"]
[EventType "tourn"]
[EventRounds "10"]
[EventCountry "CAN"]

1. d4 f5 2. g3 Nf6 3. Bg2 g6 4. c4 Bg7 5. Nh3 O-O 6. Nf4 Nc6 7. d5 Ne5 8. Nd2
c6 9. O-O Qe8 10. Qc2 d6 11. b4 cxd5 12. cxd5 Bd7 13. a4 Rc8 14. Qb3 g5 15. Ne6
Bxe6 16. dxe6 Qh5 17. f3 f4 18. Bb2 Ng6 19. Rac1 g4 20. Nc4 Rce8 21. Na5 b6 22.
Nc6 gxf3 23. exf3 fxg3 24. hxg3 Qg5 25. f4 Qh5 26. Bf3 0-1

[Event "Le Bolduc II - A"]
[Site "Montreal CAN"]
[Date "2003.10.01"]
[Round "4"]
[White "Bolduc, Steve"]
[Black "Berube, Richard"]
[Result "1-0"]
[WhiteElo "2322"]
[BlackElo "2370"]
[PlyCount "103"]
[EventDate "2003.09.22"]
[EventType "tourn"]
[EventRounds "10"]
[EventCountry "CAN"]

1. d4 Nf6 2. c4 e6 3. Nc3 Bb4 4. f3 c5 5. d5 Bxc3+ 6. bxc3 d6 7. e4 e5 8. Bd3
Nbd7 9. Ne2 Nf8 10. h4 h5 11. Bg5 N8h7 12. Be3 g6 13. Ng1 Qc7 14. Nh3 Bxh3 15.
Rxh3 Rg8 16. Qd2 O-O-O 17. a4 a5 18. Rb1 Kb8 19. Ke2 Ka7 20. Rhh1 Nd7 21. Rb5
b6 22. Kd1 Rb8 23. Kc2 Qd8 24. Rbb1 f6 25. Kb3 Qe8 26. g4 Qe7 27. gxh5 gxh5 28.
Rbg1 Rbe8 29. Qh2 Qf7 30. Qh3 Re7 31. Qf5 Rxg1 32. Rxg1 Ndf8 33. Bf1 Kb7 34.
Bh3 Rc7 35. Bh6 Qd7 36. Qxd7 Nxd7 37. Rg8 f5 38. Bxf5 Nhf6 39. Rd8 Rc8 40.
Rxd7+ Nxd7 41. Bxd7 Rh8 42. Bg5 Kc7 43. Bf5 Rf8 44. Kc2 Rg8 45. Kd3 Rf8 46. Ke3
Rg8 47. f4 exf4+ 48. Kxf4 Re8 49. Bf6 Rg8 50. e5 dxe5+ 51. Kxe5 Re8+ 52. Be6
1-0

[Event "Le Bolduc II - A"]
[Site "Montreal CAN"]
[Date "2003.10.01"]
[Round "4"]
[White "Chabot, Roland"]
[Black "Gilman, Arkadiy"]
[Result "1-0"]
[WhiteElo "2257"]
[BlackElo "2150"]
[PlyCount "57"]
[EventDate "2003.09.22"]
[EventType "tourn"]
[EventRounds "10"]
[EventCountry "CAN"]

1. d4 d5 2. c4 c6 3. Nf3 Nf6 4. e3 Bf5 5. Nc3 e6 6. Nh4 Be4 7. f3 Bg6 8. Nxg6
hxg6 9. cxd5 exd5 10. Bd3 Bd6 11. f4 Qe7 12. Qf3 Nbd7 13. a3 Kf8 14. g4 Re8 15.
g5 Ne4 16. h4 Qe6 17. Bd2 Nb6 18. Ke2 Nc4 19. Bxc4 dxc4 20. Nxe4 Qxe4 21. Qxe4
Rxe4 22. Kf3 Re8 23. e4 Ke7 24. Be3 Kd7 25. Bf2 Rb8 26. Rhd1 Bc7 27. d5 Bb6 28.
Bg3 cxd5 29. Rxd5+ 1-0

[Event "Le Bolduc II - A"]
[Site "Montreal CAN"]
[Date "2003.10.06"]
[Round "5"]
[White "Berube, Richard"]
[Black "Grondin, Jean-Philippe"]
[Result "1/2-1/2"]
[WhiteElo "2370"]
[BlackElo "2249"]
[PlyCount "44"]
[EventDate "2003.09.22"]
[EventType "tourn"]
[EventRounds "10"]
[EventCountry "CAN"]

1. e4 e5 2. Nf3 Nc6 3. d4 exd4 4. Nxd4 Nf6 5. Nxc6 bxc6 6. e5 Qe7 7. Qe2 Nd5 8.
c4 Ba6 9. b3 Qh4 10. a3 Bc5 11. g3 Bxf2+ 12. Qxf2 Qe4+ 13. Kd1 Qxh1 14. Nd2 f6
15. Kc2 O-O 16. Bb2 fxe5 17. Qe2 Qg1 18. Qxe5 Ne3+ 19. Kd3 Rf6 20. Ne4 Nxf1 21.
Nxf6+ gxf6 22. Qe2 Qxh2 1/2-1/2

[Event "Le Bolduc II - A"]
[Site "Montreal CAN"]
[Date "2003.10.06"]
[Round "5"]
[White "Gilman, Arkadiy"]
[Black "Bolduc, Steve"]
[Result "1-0"]
[WhiteElo "2150"]
[BlackElo "2322"]
[PlyCount "55"]
[EventDate "2003.09.22"]
[EventType "tourn"]
[EventRounds "10"]
[EventCountry "CAN"]

1. d4 d5 2. c4 dxc4 3. Nf3 Nf6 4. e3 e6 5. Bxc4 c5 6. Qe2 a6 7. dxc5 Bxc5 8.
O-O Nc6 9. e4 e5 10. Bxf7+ Ke7 11. Bb3 Bg4 12. Qc4 Qd6 13. Qf7+ Kd8 14. Qxg7
Bxf3 15. Qxh8+ Kc7 16. Qg7+ Kb6 17. Nc3 Nd4 18. Na4+ Ka7 19. Nxc5 Qxc5 20. Be3
Nh5 21. Qd7 Nf4 22. gxf3 Qb6 23. Kh1 Rd8 24. Bxd4 exd4 25. Qf5 Qh6 26. Rg1 Rf8
27. Qc5+ b6 28. Qe7+ 1-0

[Event "Le Bolduc II - A"]
[Site "Montreal CAN"]
[Date "2003.10.08"]
[Round "6"]
[White "Chabot, Roland"]
[Black "Bolduc, Steve"]
[Result "1-0"]
[WhiteElo "2257"]
[BlackElo "2322"]
[PlyCount "135"]
[EventDate "2003.09.22"]
[EventType "tourn"]
[EventRounds "10"]
[EventCountry "CAN"]

1. d4 d5 2. c4 dxc4 3. e4 Nc6 4. d5 Ne5 5. Bf4 Ng6 6. Be3 e5 7. Nc3 a6 8. Bxc4
Bd6 9. Nf3 Nf6 10. h3 O-O 11. g3 Bd7 12. Nd2 b5 13. Be2 Qe7 14. h4 h6 15. h5
Nh8 16. g4 Nh7 17. Nf1 f6 18. Ng3 Nf7 19. Rc1 Bc5 20. Bxc5 Qxc5 21. O-O Qb6 22.
Qb3 Nd6 23. Kg2 Ng5 24. f3 Kh8 25. Rc2 Rfd8 26. Rfc1 Rac8 27. a3 Qe3 28. Qb4
Nc4 29. Nd1 Qf4 30. Qc3 c6 31. Bxc4 Bxg4 32. fxg4 bxc4 33. Nf2 cxd5 34. Ne2
Qxf2+ 35. Kxf2 Nxe4+ 36. Kf3 Nxc3 37. Nxc3 Rb8 38. Nd1 g6 39. hxg6 Kg7 40. Rd2
Kxg6 41. Ne3 d4 42. Nxc4 Rb3+ 43. Kg2 Kg5 44. Na5 Re3 45. Rc6 Re4 46. Rxa6
Rxg4+ 47. Kf1 d3 48. Nc6 Rf4+ 49. Kg2 Rd7 50. Ra7 Rxa7 51. Nxa7 e4 52. b4 Rg4+
53. Kf1 Kf4 54. Nb5 Ke3 55. Rf2 d2 56. Nc3 Kd3 57. Nd1 e3 58. Rf3 Rc4 59. Rxe3+
Kc2 60. Ke2 f5 61. b5 f4 62. b6 Rc6 63. b7 Rb6 64. Rc3+ Kb1 65. Rc7 Rb3 66.
Kxd2 h5 67. Rc1+ Ka2 68. Nc3+ 1-0

[Event "Le Bolduc II - A"]
[Site "Montreal CAN"]
[Date "2003.10.08"]
[Round "6"]
[White "Gilman, Arkadiy"]
[Black "Grondin, Jean-Philippe"]
[Result "1-0"]
[WhiteElo "2150"]
[BlackElo "2249"]
[PlyCount "45"]
[EventDate "2003.09.22"]
[EventType "tourn"]
[EventRounds "10"]
[EventCountry "CAN"]

1. d4 d5 2. Nf3 Nc6 3. Bf4 Nf6 4. e3 a6 5. c4 g6 6. Nc3 Bg7 7. Rc1 e6 8. Be2
O-O 9. O-O h6 10. cxd5 exd5 11. Ne5 Ne7 12. Na4 Nf5 13. h3 Re8 14. Qc2 c6 15.
Qb3 Ne4 16. Qb6 Qe7 17. a3 Nh4 18. Qb4 Qd8 19. Nd3 Bf8 20. Qb6 Qf6 21. Qc7 Re7
22. Qd8 b5 23. Nb6 1-0